American Commuter Rail Lines - Statistics

General Stats
  • This quiz has been taken 90 times
    36 since last reset
  • The average score is 41 of 113
Answer Stats
State Line % Correct
METRA
81%
Long Island Rail Road
74%
NJ Transit Rail Operations
74%
WA N Line
74%
SEPTA Regional Rail
74%
Metro North
70%
WA S Line
70%
MBTA Commuter Rail
67%
NY Atlantic Branch
63%
CA Caltrain
63%
NY Main Line
59%
CT/NY New Haven Line
59%
IL/IN NICTD South Shore Line
59%
NJ Northeast Corridor
59%
NY Port Jefferson Branch
59%
NY Port Washington Branch
59%
NY Harlem Line
56%
NY Hudson Line
56%
MARC Train
56%
Metrolink
56%
NY Montauk Branch
56%
MA/RI Providence/Stoughton Line
56%
DC/MD Penn Line
52%
NY Port Jervis Line
52%
NJ/PA Trenton Line
52%
Virginia Railway Express
52%
MA Framingham/Worcester Line
48%
NY Hempstead Branch
48%
CA Inland Empire-Orange County Line
48%
MN Northstar Line
48%
CA Orange County Line
48%
NY Oyster Bay Branch
48%
DE/PA Wilmington/Newark Line
48%
CTRail
44%
NY Long Beach Branch
44%
NJ Main Line
44%
IL Metra Electric District
44%
FL SunRail
44%
NY West Hempstead Branch
44%
IL BNSF Line
41%
DC/MD Camden Line
41%
NY Far Rockaway Branch
41%
CT/MA Hartford Line
41%
CA Altamont Corridor Express
37%
CA NCTD Coaster
37%
CA San Bernardino Line
37%
Sounder Rail
37%
FL Tri-Rail
37%
CO A Line
33%
NJ/PA Atlantic City Line
33%
NJ Bergen County Line
33%
DC/MD/WV Brunswick Line
33%
NJ/NY Pascack Valley Line
33%
CA Riverside Line
33%
CT Shore Line East
33%
CA Sonoma-Marin Area Rail Transit
33%
TN WEGO Star
33%
NJ/PA West Trenton Line
33%
PA Airport Line
30%
CA Antelope Valley Line
30%
CO B Line
30%
TX Capital MetroRail
30%
Denver RTD
30%
DC/VA Fredericksburg Line
30%
MA Lowell Line
30%
DC/VA Manassas Line
30%
NJ Montclair-Boonton Line
30%
NJ North Jersey Coast Line
30%
NM Rail Runner Express
30%
TX TexRail
30%
TX Trinity Railway Express
30%
IL/WI Union Pacific North Line
30%
IL Union Pacific Northwest Line
30%
IL Union Pacific West Line
30%
CA 91/Perris Valley Line
26%
TX A-Train
26%
MA Fall River/New Bedford Line
26%
UT FrontRunner
26%
MA Haverhill Line
26%
PA Media/Wawa Line
26%
NJ Morristown Line
26%
MA Newburyport/Rockport Line
26%
PA Paoli/Thorndale Line
26%
NJ Raritan Valley Line
26%
CA Ventura County Line
26%
CA Arrow
22%
MA Kingston/Plymouth Line
22%
PA Lansdale/Doylestown Line
22%
NJ Princeton Branch
22%
MA Fitchburg Line
19%
NJ Gladstone Branch
19%
CO G Line
19%
PA Manayunk/Norristown Line
19%
CO N Line
19%
NY Central Branch
15%
PA Chestnut Hill East Line
15%
PA Chestnut Hill West Line
15%
PA Cynwyd Line
15%
PA Fox Chase Line
15%
MA Franklin/Foxboro Line
15%
IL Heritage Corridor
15%
IL Milwaukee District North Line
15%
IL Rock Island District
15%
OR Westside Express Service
15%
MA Fairmount Line
11%
MA Greenbush Line
11%
NJ Meadowlands Rail Branch
11%
IL Milwaukee District West Line
11%
MA Needham Line
11%
PA Warminster Line
11%
IL North Central Service
7%
IL SouthWest Service
7%
CA eBART
4%
No matching quizzes found
Score Distribution
Percent of People with Each Score
Percentile by Number Answered
Your Score History
You have not taken this quiz since the last reset